|
|
|
|
| LEADER |
00000nam a22000007a 4500 |
| 005 |
20190909221531.0 |
| 007 |
cr|||| |||| |
| 008 |
190909s2019 br |||||s|||| 00||0 por d |
| 020 |
|
|
|a 978-85-9597-030-4
|
| 035 |
|
|
|a 24773
|
| 040 |
|
|
|a vLex
|
| 090 |
|
|
|c 9433
|d 9433
|
| 100 |
1 |
|
|a Falcô, Joaquim
|
| 245 |
1 |
1 |
|a A realidade do Supremo Criminal
|h [Recurso electrn̤ico] /
|c Joaquim Falcô, Ivar Hartmann A., Silvana Batini, Guilherme da Franca Couto Fernandes de Almeida
|
| 256 |
|
|
|a Servicio en ln̕ea
|
| 260 |
|
|
|a Rio de Janeiro:
|b FGV - Direito Rio,
|c 2019
|
| 300 |
|
|
|a 1 recurso electrn̤ico
|
| 506 |
1 |
|
|a Disponible solo en los productos indicados
|d vLex Global
|d vLex Global (Academic Edition, excluding Law Schools)
|d vLex Global (U.S. Academic Edition, Law Schools)
|d vLex Global (U.S. Academic Edition, excluding Law Schools)
|d vLex Global (Academic Edition, Law Schools)
|
| 650 |
0 |
4 |
|a Derecho Penal
|z Brasil
|
| 650 |
0 |
4 |
|a Derecho Constitucional
|z Brasil
|
| 650 |
0 |
4 |
|a Derecho Procesal
|z Brasil
|
| 700 |
1 |
|
|a Hartmann A., Ivar
|
| 700 |
1 |
|
|a Batini, Silvana
|
| 700 |
1 |
|
|a Couto Fernandes de Almeida, Guilherme da Franca
|
| 740 |
0 |
|
|a vLex Libros (Servicio en ln̕ea)
|
| 856 |
4 |
0 |
|u http://vlex.com/source/realidade-supremo-criminal-24773
|z Acceso restringido
|
| 942 |
|
|
|c BOOK
|
| 999 |
0 |
|
|a Criminal Law
|
| 999 |
0 |
|
|a Constitutional Law
|
| 999 |
0 |
|
|a Procedural Law
|